Math. (Record no. 14730)
[ view plain ]
| 000 -LEADER | |
|---|---|
| fixed length control field | 00957cam a22002772 4500 |
| 001 - CONTROL NUMBER | |
| control field | 0000025055 |
| 005 - DATE AND TIME OF LATEST TRANSACTION | |
| control field | 20151217160132.0 |
| 008 - FIXED-LENGTH DATA ELEMENTS--GENERAL INFORMATION | |
| fixed length control field | 141026s xx 000 0 eng d |
| 020 ## - INTERNATIONAL STANDARD BOOK NUMBER | |
| International Standard Book Number | 0153404817 : |
| 040 ## - CATALOGING SOURCE | |
| Original cataloging agency | KABU |
| Transcribing agency | KABU |
| 245 10 - TITLE STATEMENT | |
| Title | Math. |
| 250 ## - EDITION STATEMENT | |
| Edition statement | Louisiana ed. |
| 260 ## - PUBLICATION, DISTRIBUTION, ETC. (IMPRINT) | |
| Place of publication, distribution, etc. | Orlando : |
| Name of publisher, distributor, etc. | Harcourt, |
| Date of publication, distribution, etc. | 2005. |
| 300 ## - PHYSICAL DESCRIPTION | |
| Extent | 3 vols. (various pagings) |
| 650 #0 - SUBJECT ADDED ENTRY--TOPICAL TERM | |
| Topical term or geographic name as entry element | Mathematics |
| General subdivision | problems, exercises, etc. |
| -- | 0000185411 |
| 650 #0 - SUBJECT ADDED ENTRY--TOPICAL TERM | |
| Topical term or geographic name as entry element | Mathematics |
| General subdivision | Study and teaching. |
| -- | 0000159607 |
| 700 1# - ADDED ENTRY--PERSONAL NAME | |
| Personal name | Maletsky, ... [etal] |
| -- | 0000185441 |
| 908 ## - PUT COMMAND PARAMETER (RLIN) | |
| Put command parameter | 141026 |
| 950 ## - LOCAL HOLDINGS (RLIN) | |
| -- | 1 |
| Withdrawn status | Lost status | Source of classification or shelving scheme | Not for loan | Home library | Current library | Date acquired | Total Checkouts | Full call number | Barcode | Date last seen | Price effective from | Koha item type | Total Renewals | Date last checked out |
|---|---|---|---|---|---|---|---|---|---|---|---|---|---|---|
| Library of Congress Classification | Kabarak, Main Campus | Kabarak, Main Campus | 17/12/2015 | QA43 .M35 2005 c. 1 | 016866 | 17/12/2015 | 17/12/2015 | Children Collection | ||||||
| Library of Congress Classification | Kabarak, Main Campus | Kabarak, Main Campus | 17/12/2015 | 2 | QA43 .M35 2005 c. 2 | 016867 | 21/03/2023 | 17/12/2015 | Children Collection | 1 | 10/02/2023 | |||
| Library of Congress Classification | Kabarak, Main Campus | Kabarak, Main Campus | 17/12/2015 | QA43 .M35 2005 c. 3 | 016865 | 17/12/2015 | 17/12/2015 | Children Collection | ||||||
| Library of Congress Classification | Kabarak, Main Campus | Kabarak, Main Campus | 17/12/2015 | 1 | QA43 .M35 2005 c. 4 | 017035 | 21/02/2018 | 17/12/2015 | Children Collection | 08/12/2017 | ||||
| Library of Congress Classification | Kabarak, Main Campus | Kabarak, Main Campus | 17/12/2015 | QA43 .M35 2005 c. 5 | 017036 | 17/12/2015 | 17/12/2015 | Children Collection | ||||||
| Library of Congress Classification | Kabarak, Main Campus | Kabarak, Main Campus | 17/12/2015 | QA43 .M35 2005 c. 6 | 017037 | 17/12/2015 | 17/12/2015 | Children Collection |